000 00570nam a2200217Ia 4500
005 20241216010918.0
008 190212s9999||||xx |||||||||||||| ||und||
020 _a968-6356-26-6
082 _a641
_bP668
100 _aPOTTER, NORMAN N.
245 0 _aLA CIENCIA DE LOS ALIMENTOS
250 _a0
260 _aMÚXICO
_bHARLA
_c1973
300 _a749 pag
_c23 cm
341 _h189.3
490 _v0
_a0
505 _aCOMPONENTES-CONSERVACION-FERMENTACION
541 _aC
_bLIBRERIA STUDIUM S.A.
_d11-Oct-95
_oSoles
650 _aCIENCIAS APLICADAS
942 _cLIBRO
999 _c27482
_d27482